000 00561nam a2200217 a 4500
001 0001-2200
003 ELIB.Books
008 190802 2010 eng
020 _a1581822766
092 _a301.42
_bLan
100 _aLang, Gregory E.
245 _aWhy a Daughter Needs a Dad
260 _aNashville
_bCumberland House Publishing
_c2002
300 _a100
_c21cm
650 _aFamily Life
856 _nKBTS Library
_uKBTS Elib
942 _2ddc
_cBK
990 _a1
998 _aEnglishbooks.elf
_ccat
_e2019-08-02
999 _c12200
_d12200